00286nam a2200109 a 4500008004100000050002100041100001800062245002600080260004700106300001400153350000900167120416s1973 ||||||||||||||||| || u aHF 5429.6.Z2 Pol aPollock, R. N10aShopkeeping in Zambia aKitwebMindolo Ecumenical Foundationc1973 aiii, 51p. a0.00